00623nam a2200169Ia 4500008004100000100003000041245012300071245003000194260005900224260000900283300001000292650001800302650001500320856002600335999001900361952007300380170221s9999 xx 000 0 und d aIsidoropaolo Casteltrione aFacebook and Political Information in Italy and the UK: An Antidote against Political Fragmentation and Polarisation?  cIsidoropaolo Casteltrione bOnline Journal of Communication and Media Technologies c2014 a4 : 1 xCommunication xMedia Arts uhttp://www.ojcmt.net/ c307162d307162 001040aCLbCLd2017-02-21l0r2017-02-21 00:00:00w2017-02-21yFOJ